Normal view MARC view
  • Department for Transport

Entry Corporate Name

Number of records used in: 5

001 - CONTROL NUMBER

  • control field: 4683

003 - CONTROL NUMBER IDENTIFIER

  • control field: SIRSI

005 - DATE AND TIME OF LATEST TRANSACTION

  • control field: 20190806150236.0

008 - FIXED-LENGTH DATA ELEMENTS

  • fixed length control field: 050412n| aaannaabn |n ana d

040 ## - CATALOGING SOURCE

  • Original cataloging agency: OSt
  • Transcribing agency: OSt

110 ## - HEADING--CORPORATE NAME

  • Corporate name or jurisdiction name as entry element: Department for Transport

670 ## - SOURCE DATA FOUND

  • Source citation: The future of transport, 2004